| 000 | 00351nam a2200145Ia 4500 | ||
|---|---|---|---|
| 005 | 20251222144726.0 | ||
| 008 | 251222s9999||||xx |||||||||||||| ||spa|| | ||
| 020 | _a950-02-8359-X | ||
| 082 | _a868.95/V35M | ||
| 100 | _aVasconcelos, José Mauro de | ||
| 245 | 0 | _aMi Planta de Naranja-Lima | |
| 250 | _a17a.ed. | ||
| 264 | _bEl Ateneo | ||
| 942 | _cLIB | ||
| 999 |
_c18393 _d18393 |
||